000 00481nam a2200181Ia 4500
003 GCL
008 140319s9999 xx 000 0 eng d
040 _aGCL /
_cGCL
082 0 4 _a152.4
_bM P
100 1 _aMCKINNEY, FRED
245 1 0 _aPSYCHOLOGY IN ACTION BASIC READING /
_cMCKINNEY, FRED
260 _a[S.N] :
_bTHE MACMILLAN COMPANY ،
_c1967
300 _a564 P
650 0 4 _aPSYCHOLOGY ASPECT
650 0 4 _aEMOTIONS
650 0 4 _aPSYCHOLOGICAL FEELING
942 _2ddc
_cBK
999 _c14062
_d14062